¿Quiénes amenazan la paz?
Spremljeno u:
| Autor kompanije: | |
|---|---|
| Format: | Tekst |
| Izdano: |
Moscú:
Editorial Progreso
|
| Izdanje: | 3 |
| Oznake: |
Dodaj oznaku
Bez oznaka, Budi prvi tko označuje ovaj zapis!
|
MARC
| LEADER | 00000 a a2200000 04500 | ||
|---|---|---|---|
| 001 | 14506 | ||
| 003 | |||
| 040 | |||
| 090 | |a 028900 | ||
| 110 | |a Editora Militar | ||
| 245 | |a ¿Quiénes amenazan la paz? | ||
| 250 | |a 3 | ||
| 260 | |a Moscú: |b Editorial Progreso | ||
| 300 | |a 96 p. | ||
| 300 | |b il. |b fonodiscos | ||
| 999 | |c 11163 |d 11163 | ||
